| 000 | 00445nam a2200169Ia 4500 | ||
|---|---|---|---|
| 008 | 230524s9999 xx 000 0 und d | ||
| 082 |
_a510 _bSUN |
||
| 100 |
_aV.Sundaram _98173 |
||
| 245 | 0 | _aEngineering Mathematics | |
| 250 | _a1ST | ||
| 260 |
_aNEW DELHI _bVikas _c2002 |
||
| 300 | _aXIII;MUI-57 | ||
| 500 | _aQuantity Number: 1 | ||
| 650 | _aMathematics | ||
| 700 |
_a" R.Balasubramanion , K.A.Lakshminarayanan,,," _98174 |
||
| 942 | _cBK | ||
| 999 |
_c11407 _d11407 |
||